000 00377nam a2200133 i 4500
001 82418
003 ES-MaACL
007 t|
008 041110s1974 fr ||||1| spa d
245 0 3 _aLa información al servicio de las actividades en materia de población.
260 _aParís :
_bUNESCO,
_c1974.
300 _a84 p., 2 lám. ;
_c24 cm.
852 _aES-MaACL
_j7620
_bR.92135
999 _c82418
_d82418